Lógica y cosmología.
Saved in:
| Hovedforfatter: | |
|---|---|
| Format: | Bog |
| Sprog: | spansk |
| Udgivet: |
Buenos Aires, Argentina:
Ediciones Carlos Lohlé,
1976.
|
| Serier: | Tratado de Filosofía, I.
|
| Fag: | |
| Tags: |
Tilføj Tag
Ingen Tags, Vær først til at tagge denne postø!
|
MARC
| LEADER | 00000nam a2200000 a 4500 | ||
|---|---|---|---|
| 001 | UCJ9552 | ||
| 003 | CL-VaPUC | ||
| 005 | 20220822114356.0 | ||
| 008 | 070323e19760000AG |||||||||||||||||spa|d | ||
| 999 | |c 325013 |d 325011 | ||
| 040 | |c Pontificia Universidad Católica de Valparaíso | ||
| 082 | 0 | 4 | |a 102 JOL 1976 |2 21 |
| 100 | |a Jolivet, Régis |e autor |9 544683 | ||
| 245 | 1 | 0 | |a Lógica y cosmología. |
| 260 | |a Buenos Aires, Argentina: |b Ediciones Carlos Lohlé, |c 1976. | ||
| 300 | |a 426 páginas. | ||
| 490 | 0 | |a Tratado de Filosofía, I. | |
| 500 | |a c.2 Donación Familia Prof. Alejandro Guzmán Brito. | ||
| 583 | |a last modification |c 20070323 00:00:00 |k Rodrigo Vera | ||
| 650 | 0 | |a Filosofía |9 223554 | |
| 650 | 0 | |a Lógica |9 256849 | |
| 650 | 0 | |a Razón |9 314475 | |
| 650 | 0 | |a Filosofía de la naturaleza |9 265899 | |
| 650 | 0 | |a Cosmología |9 269138 | |
| 942 | |c BK |2 ddc |n 0 | ||
| 945 | |d 20070323 00:00:00 |a cmena | ||
| 952 | |0 0 |1 1 |2 ddc |4 0 |6 102_000000000000000_JOL_1976 |7 0 |8 A |9 405456 |a BIBTEO |b BIBTEO |d 2019-11-22 |i 4245016 |o 102 JOL 1976 |p 4245016 |r 2019-11-22 |w 2019-11-22 |y BK |k ICR | ||
| 952 | |0 0 |1 0 |2 ddc |4 0 |6 102_000000000000000_JOL_1976 |7 1 |8 C_AGB |9 581003 |a BIBDER |b BIBDER |d 2022-02-01 |e Donación |i 564349K |o 102 JOL 1976 |p 564349K |r 2023-01-25 |t 2 |w 2022-02-01 |y BK_US |k AGB | ||